| 000 | 00796nam a22002297a 4500 | ||
|---|---|---|---|
| 003 | OSt | ||
| 005 | 20251128104059.0 | ||
| 008 | 251128b |||||||| |||| 00| 0 eng d | ||
| 020 | _a0-534-52818-X | ||
| 040 |
_aDWC-Main Lib _cOC |
||
| 082 |
_23rd edition _aCirc. 345.001 B292 2004 |
||
| 100 | _aBartol, K. | ||
| 245 |
_aPsychology and law : _btheory, research, and application _cBartol, Kurt R. |
||
| 250 | _a3rd edition | ||
| 260 |
_aAustralia : _bThomson Wadsworth, _cc2004 |
||
| 300 |
_axviii, 577 pages : _c 24 cm. |
||
| 504 | _aIncludes bibliographical references and index | ||
| 650 | _2Evidence, expert - US | ||
| 650 | _2Forensic psychology | ||
| 700 | _aBartol, Anne M. | ||
| 942 |
_2ddc _cBK-CIRC _e3rd edition _hCirc. 345.001 B292 2004 _kCirc. _n0 |
||
| 999 |
_c6554 _d6554 |
||